उष्मा की पाठय - पुस्तक, अनु द प्र खण्डेलवाल (Record no. 377528)
[ view plain ]
| 000 -LEADER | |
|---|---|
| fixed length control field | 00933nam a2200241Ia 4500 |
| 003 - CONTROL NUMBER IDENTIFIER | |
| control field | OSt |
| 005 - DATE AND TIME OF LATEST TRANSACTION | |
| control field | 20220923225320.0 |
| 008 - FIXED-LENGTH DATA ELEMENTS--GENERAL INFORMATION | |
| fixed length control field | 220922b |||||||| |||| 00| 0 hin d |
| 037 ## - SOURCE OF ACQUISITION | |
| Terms of availability | Textual |
| 040 ## - CATALOGING SOURCE | |
| Original cataloging agency | ARTS |
| Transcribing agency | ARTS |
| Language of cataloging | hin |
| 041 ## - LANGUAGE CODE | |
| Source of code | hin |
| Language code of text/sound track or separate title | hin |
| 100 ## - MAIN ENTRY--PERSONAL NAME | |
| Personal name | साहा, एम एन; श्रीवास्तव, बी एन |
| 9 (RLIN) | 168598 |
| 245 #0 - TITLE STATEMENT | |
| Title | उष्मा की पाठय - पुस्तक, अनु द प्र खण्डेलवाल |
| 246 ## - VARYING FORM OF TITLE | |
| Title proper/short title | Uṣhmā kī pāṭhaya - pustaka, anu0 da0 pra0 khaṇḍelavāla |
| 260 ## - PUBLICATION, DISTRIBUTION, ETC. | |
| Place of publication, distribution, etc. | कलकत्ता |
| Name of publisher, distributor, etc. | साइन्स बुक एजेन्सी |
| Date of publication, distribution, etc. | 1960 |
| 300 ## - PHYSICAL DESCRIPTION | |
| Extent | 494पृ. |
| Dimensions | cm. |
| 942 ## - ADDED ENTRY ELEMENTS (KOHA) | |
| Classification part | C4, 152K0 |
| Koha item type | Textual |
| Source of classification or shelving scheme | Colon Classification (CC) |
| Withdrawn status | Lost status | Damaged status | Not for loan | Home library | Current library | Date acquired | Total Checkouts | Full call number | Barcode | Date last seen | Price effective from | Koha item type |
|---|---|---|---|---|---|---|---|---|---|---|---|---|
| Arts Library | Arts Library | 2022-09-23 | C4 152K0 | AL1000174 | 2022-09-23 | 2022-09-23 | Textual |
